000 02078cam a2200361 i 4500
003 SA-RiAUC
005 20250911120004.0
008 250906s2003 le g 000 0cara c
020 _a2745139169
040 _aKW-ShULA
_bara
_cSA-RiAUC
_erda
082 0 4 _a922.2
090 _a922.2
_bا ب ن و
100 1 _aابن وهبان، عبد الوهاب بن أحمد،
_dتوفي 768 هجري
_eمؤلف.
245 1 0 _aأحاسن الأخبار في محاسن السبعة الأخيار أئمة الخمسة الأمصار /
_cتأليف أمين الدين أبي محمد عبد الوهاب أحمد بن وهبان الحارثي الحنفي ؛ تحقيق أبي عمرو الحسيني بن عمر بن عبد الرحيم.
250 _aالطبعة الأولى.
264 1 _aبيروت :
_bدار الكتب العلمية،
_c2003
300 _a184 صفحة ؛
_c24 سم
336 _aنص
_btxt
_2rdacontent
_3كتاب
337 _aبدون وسيط
_bn
_2rdamedia
338 _aمجلد
_bnc
_2rdacarrier
600 1 7 _aابن كثير، عبد الله بن كثير الداري،
_d45-120 هجري
_2aucnm
600 1 7 _aنافع القارئ، نافع بن عبد الرحمن بن أبي نعيم،
_dتوفي 169 هجري
_2aucnm
600 0 7 _aعبد الله بن عامر بن كريز الأموي،
_d4-59 هجري
_2aucnm
600 1 7 _aحمزة القارئ، حمزة بن حبيب بن عمارة،
_d80-156 هجري
_2aucnm
600 1 7 _aأبو عمرو بن العلاء، زبان بن عمار التميمي،
_d70-154 هجري
_2aucnm
600 1 7 _aالكسائي، علي بن حمزة بن عبد الله،
_dتوفي 189 هجري
_2aucnm
600 1 7 _aعاصم القارئ، عاصم بن أبي النجود بهدلة الكوفي،
_dتوفي 127 هجري
_2aucnm
630 2 7 _aالقرآن
_xالقراءات السبع
_2aucut
630 2 7 _aالقرآن
_vتراجم
_2aucut
700 1 _aحسن، الحسيني بن عمر عبد الرحيم
_eمحقق.
942 _2ddc
_cBOOK
_n0
949 _aSA-JeALM
_d250906
_umohamedma123
_n1
999 _c11619
_d11619